[Event "FRA-ch U18"]
[Site "Belfort"]
[Date "2017.04.16"]
[Round "1.2"]
[White "Lavagna, Matthieu"]
[Black "Philippe, Guillaume"]
[Result "0-1"]
[WhiteElo "1758"]
[BlackElo "2307"]
[PlyCount "86"]
[EventDate "2017.04.16"]
[EventType "swiss"]
[EventRounds "9"]
[EventCountry "FRA"]
[SourceTitle "EXT 2019"]
[Source "ChessBase"]
[SourceDate "2018.10.10"]
[SourceVersion "1"]
[SourceVersionDate "2018.10.10"]
[SourceQuality "1"]

1. d4 Nf6 2. c4 e6 3. Nf3 b6 4. g3 Ba6 5. b3 Bb4+ 6. Bd2 Be7 7. Bg2 c6 8. Bc3 d5 9. Nbd2 0-0 10. 0-0 Nbd7 11. Re1 c5 12. e4 dxe4 13. Nxe4 Nxe4 14. Rxe4 Bb7 15. Re1 Bf6 16. Ne5 Bxg2 17. Kxg2 Qc7 18. Qe2 Rad8 19. Bb2 h6 20. Rad1 cxd4 21. Bxd4 Bxe5 22. Bxe5 Nxe5 23. Rxd8 Qc6+ 24. f3 Rxd8 25. Qxe5 a5 26. Kf2 Rd3 27. Re3 Rd6 28. Ke2 g6 29. a4 h5 30. Re4 Qd7 31. Qc3 Rd1 32. Qc2 Rh1 33. Ke3 Qd6 34. h4 Qc5+ 35. Kd3 Rg1 36. g4 hxg4 37. Rxg4 Qf5+ 38. Kd2 Rxg4 39. fxg4 Qxg4 40. Qd3 Qxh4 41. Qe3 Qh2+ 42. Kd3 Qd6+ 43. Kc3 e5 0-1